000 00442nam a22001697a 4500
003 MPLRDC
005 20220104123847.0
008 210129b ||||| |||| 00| 0 eng d
082 _a490.8 CGBK v.3
100 _aKENNETH BLANCHARD 等著
245 _a一分钟适应法
_c林晓阳译
260 _a
_b大展出版有限公司
_c1987
300 _b
490 _a成功宝库. 3
650 _a商学总论
942 _cBK
_o490.8 CGBK v.3
999 _c14767
_d14757